[Event "Tres Cantos op 9th"]
[Site "Tres Cantos"]
[Date "2017.06.25"]
[Round "4"]
[White "Martin Garcia, Francisco Javier"]
[Black "Medina Rodriguez, Brandon"]
[Result "1-0"]
[WhiteElo "1563"]
[BlackElo "1330"]
[PlyCount "155"]
[EventDate "2017.06.22"]
[EventType "swiss"]
[EventRounds "9"]
[EventCountry "ESP"]
[SourceTitle "EXT 2019"]
[Source "ChessBase"]
[SourceDate "2018.10.10"]
[SourceVersion "1"]
[SourceVersionDate "2018.10.10"]
[SourceQuality "1"]

1. d4 Nf6 2. Nf3 g6 3. c4 Bg7 4. g3 d6 5. Nc3 0-0 6. Bg2 a5 7. 0-0 Na6 8. e4 c5 9. h3 Be6 10. e5 Ne8 11. d5 Bd7 12. Re1 Nac7 13. e6 fxe6 14. dxe6 Bxe6 15. Rxe6 Nxe6 16. Ng5 Nd4 17. Bxb7 Rb8 18. Bd5+ Kh8 19. Nf7+ Rxf7 20. Bxf7 Qd7 21. g4 e6 22. Bxe8 Rxe8 23. Be3 Rf8 24. Bxd4 Bxd4 25. Ne4 Qe7 26. Kg2 Qh4 27. f3 d5 28. cxd5 exd5 29. Ng3 Be5 30. Qe1 Qf6 31. Qe2 Qf4 32. Nf1 h5 33. Re1 Re8 34. Qe3 Qf8 35. Qg5 Bg7 36. Rxe8 Qxe8 37. Ne3 Qb5 38. gxh5 Qe2+ 39. Kg3 gxh5 40. Qxh5+ Kg8 41. Qxd5+ Kh7 42. Qh5+ Kg8 43. Qxc5 Qe1+ 44. Kg2 Qe2+ 45. Kg1 Qe1+ 46. Nf1 Qd1 47. Qc4+ Kh8 48. Kg2 Qd6 49. b3 Qg6+ 50. Kf2 Qb1 51. Qc6 Kh7 52. Qc4 Qxa2+ 53. Ke3 Bh6+ 54. f4 Qg2 55. Qe4+ Qxe4+ 56. Kxe4 Kg6 57. Nd2 Kf6 58. Nc4 Bf8 59. Nxa5 Bb4 60. Nc6 Be1 61. b4 Bf2 62. b5 Bg1 63. Nd4 Ke7 64. h4 Kd6 65. h5 Kc5 66. Nf3 Bf2 67. h6 Kxb5 68. h7 Bc5 69. h8Q Kb4 70. Ne5 Kb3 71. f5 Ba3 72. f6 Ka2 73. f7 Ka1 74. Qh1+ Ka2 75. Qg2+ Ka1 76. Qf1+ Ka2 77. f8Q Bxf8 78. Qxf8 1-0